Estadísticas para Países que tengan dos o más palabras

Haz click aquí para tomar la prueba!

Estadísticas generales

  • Esta prueba ha sido tomada 155 veces
    (129 desde el último reinicio)
  • La puntuación promedio es 21 de 32

Estadísticas de respuestas

Países% Correcto
República Dominicana
88%
San Vicente y Las Granadinas
85%
Antigua y Barbuda
83%
Trinidad y Tobago
81%
San Cristobal y Nieves
80%
El Salvador
79%
Estados Unidos
77%
Reino Unido
75%
Santa Lucía
75%
Costa Rica
73%
San Marino
73%
Corea del Sur
73%
Corea del Norte
72%
Santo Tomé y Principe
72%
Nueva Zelanda
72%
Islas Salomón
70%
Islas Marshall
70%
República Checa
67%
Papúa Nueva Guinea
65%
Guinea Ecuatorial
64%
República Centroafricana
62%
Cabo Verde
62%
Sudán del Sur
59%
Arabia Saudita
57%
Burkina Faso
54%
Emiratos Árabes Unidos
54%
Costa de Marfil
52%
Sierra Leona
49%
Sri Lanka
49%
Timor Oriental
49%
Países Bajos
49%
Bosnia y Herzegovina
48%

Distribución de puntuación

Porcentaje por número respondido

Porcentaje de gente con cada puntuación

Historial de tus puntuaciones

No has tomado esta prueba desde el último reinicio